The King and the corpse
| Main Author: | |
|---|---|
| Format: | Book |
| Published: |
Bath :
Chivers Press ,
1990
|
| Subjects: |
MARC
| LEADER | 00000cam a2200000 7i4500 | ||
|---|---|---|---|
| 001 | 0000000702 | ||
| 002 | 000000798 | ||
| 005 | 20000330.0 | ||
| 020 | |a 0862207835 | ||
| 090 | 0 | 0 | |a F |b MUR |
| 100 | 1 | |a MURRAY, Max | |
| 245 | 1 | 4 | |a The King and the corpse |c Max Murray |
| 260 | |a Bath : |b Chivers Press , |c 1990 | ||
| 300 | |a 224 p. ; |c 20 cm. | ||
| 650 | 0 | 0 | |a Crime and detection fiction |
| 999 | |a 030538 |b BUKU |c PINJAMAN |e PERPUSTAKAAN KOMUNITI PETALING JAYA | ||